[Event "Stay Safe Play From Home 143"]
[Site "T#645979Emanuel Laske"]
[Date "2020.05.12"]
[Round "7"]
[White "Ionutn28"]
[Black "Gmbasti"]
[Result "1-0"]
[WhiteElo "1813"]
[BlackElo "1638"]
[Annotator "NA RC"]
[PlyCount "67"]
[EventDate "2020.05.12"]
[EventType "swiss (blitz)"]

1. e4 {[%emt 0:00:01]} c5 {[%emt 0:00:01]} 2. d3 {[%emt 0:00:01]} e6 {[%emt 0:00:00]} 3. Nd2 {[%emt 0:00:01]} d5 {[%emt 0:00:00]} 4. Ngf3 {[%emt 0:00:00]} dxe4 {[%emt 0:00:01]} 5. dxe4 {[%emt 0:00:01]} Nf6 {[%emt 0:00:00]} 6. Bd3 {[%emt 0:00:01]} Nc6 {[%emt 0:00:01]} 7. O-O {[%emt 0:00:01]} Be7 {[%emt 0:00:01]} 8. e5 {[%emt 0:00:01]} Nd5 {[%emt 0:00:01]} 9. a3 {[%emt 0:00:00]} a6 {[%emt 0:00:01]} 10. Ne4 {[%emt 0:00:01]} b6 {[%emt 0:00:01]} 11. c4 {[%emt 0:00:01]} Nc7 {[%emt 0:00:03]} 12. Qc2 {[%emt 0:00:00]} Bb7 {[%emt 0:00:01]} 13. Re1 {[%emt 0:00:02]} Nd4 {[%emt 0:00:01]} 14. Nxd4 {[%emt 0:00:02]} Qxd4 {[%emt 0:00:00]} 15. Bf4 {[%emt 0:00:02]} Rd8 {[%emt 0:00:01]} 16. Rad1 {[%emt 0:00:05]} Bxe4 {[%emt 0:00:18]} 17. Bxe4 {[%emt 0:00:01]} Qxd1 {[%emt 0:00:07]} 18. Rxd1 {[%emt 0:00:01]} Rxd1+ {[%emt 0:00:00]} 19. Qxd1 {[%emt 0:00:01]} O-O {[%emt 0:00:00]} 20. Qh5 {[%emt 0:00:02]} g6 {[%emt 0:00:01]} 21. Qf3 {[%emt 0:00:02]} f6 {[%emt 0:00:01]} 22. exf6 {[%emt 0:00:01]} Bxf6 {[%emt 0:00:01]} 23. Bxc7 {[%emt 0:00:02]} Be5 {[%emt 0:00:03]} 24. Qe2 {[%emt 0:00:05]} Bxc7 {[%emt 0:00:01]} 25. h3 {[%emt 0:00:00]} Kg7 {[%emt 0:00:01]} 26. Bd3 {[%emt 0:00:02]} Rd8 {[%emt 0:00:01]} 27. g3 {[%emt 0:00:02]} e5 {[%emt 0:00:02]} 28. Be4 {[%emt 0:00:01]} Rd6 {[%emt 0:00:02]} 29. Bd5 {[%emt 0:00:01]} Rf6 {[%emt 0:00:01]} 30. Kg2 {[%emt 0:00:01]} h6 {[%emt 0:00:01]} 31. Qe4 {[%emt 0:00:01]} g5 {[%emt 0:00:00]} 32. h4 {[%emt 0:00:01]} gxh4 {[%emt 0:00:01]} 33. Qxh4 {[%emt 0:00:00]} Rg6 {[%emt 0:00:01]} 34. Qe7+ {[%emt 0:00:01] Zeit (Lag: Av=0.48s, max=0.5s)} 1-0

[Event "Stay Safe Play From Home 143"]
[Site "T#645979Emanuel Laske"]
[Date "2020.05.12"]
[Round "7"]
[White "Tunca"]
[Black "Trotsky"]
[Result "1-0"]
[WhiteElo "1810"]
[BlackElo "1604"]
[Annotator "NA RC"]
[PlyCount "45"]
[EventDate "2020.05.12"]
[EventType "swiss (blitz)"]

1. e4 {[%emt 0:00:01]} c5 {[%emt 0:00:01]} 2. Nf3 {[%emt 0:00:01]} Nc6 {[%emt 0:00:01]} 3. d4 {[%emt 0:00:01]} cxd4 {[%emt 0:00:02]} 4. Nxd4 {[%emt 0:00:00]} Nf6 {[%emt 0:00:01]} 5. Nc3 {[%emt 0:00:01]} e6 {[%emt 0:00:00]} 6. Be2 {[%emt 0:00:01]} d6 {[%emt 0:00:02]} 7. O-O {[%emt 0:00:01]} a6 {[%emt 0:00:01]} 8. Be3 {[%emt 0:00:00]} Qc7 {[%emt 0:00:01]} 9. Qd2 {[%emt 0:00:00]} Be7 {[%emt 0:00:01]} 10. f4 {[%emt 0:00:01]} Nxd4 {[%emt 0:00:02]} 11. Bxd4 {[%emt 0:00:02]} b6 {[%emt 0:00:00]} 12. Bf3 {[%emt 0:00:01]} Bb7 {[%emt 0:00:01]} 13. e5 {[%emt 0:00:00]} dxe5 {[%emt 0:00:02]} 14. Bxe5 {[%emt 0:00:02]} Qc5+ {[%emt 0:00:04]} 15. Bd4 {[%emt 0:00:03]} Qc7 {[%emt 0:00:02]} 16. Be5 {[%emt 0:00:03]} Qc5+ {[%emt 0:00:02]} 17. Kh1 {[%emt 0:00:01]} Rd8 {[%emt 0:00:02]} 18. Qe2 {[%emt 0:00:03]} Bd6 {[%emt 0:00:02]} 19. Bxb7 {[%emt 0:00:02]} Bxe5 {[%emt 0:00:02]} 20. Qxe5 {[%emt 0:00:01]} O-O {[%emt 0:00:01]} 21. Bxa6 {[%emt 0:00:02]} Ng4 {[%emt 0:00:01]} 22. Qe2 {[%emt 0:00:03]} Kh8 {[%emt 0:00:04]} 23. Qxg4 {[%emt 0:00:01] Trotsky Ñäàåòñÿ (Lag: Av=0.33s, max=0.7s)} 1-0

[Event "Stay Safe Play From Home 143"]
[Site "T#645979Emanuel Laske"]
[Date "2020.05.12"]
[Round "7"]
[White "Lucknow"]
[Black "matanant"]
[Result "1-0"]
[WhiteElo "1763"]
[BlackElo "1553"]
[Annotator "NA RC"]
[PlyCount "79"]
[EventDate "2020.05.12"]
[EventType "swiss (blitz)"]

1. d4 {[%emt 0:00:01]} g6 {[%emt 0:00:01]} 2. c4 {[%emt 0:00:01]} Bg7 {[%emt 0:00:00]} 3. Nc3 {[%emt 0:00:01]} e6 {[%emt 0:00:02]} 4. e4 {[%emt 0:00:00]} Ne7 {[%emt 0:00:01]} 5. f3 {[%emt 0:00:01]} O-O {[%emt 0:00:01]} 6. Be3 {[%emt 0:00:00]} d5 {[%emt 0:00:01]} 7. cxd5 {[%emt 0:00:01]} exd5 {[%emt 0:00:02]} 8. e5 {[%emt 0:00:01]} Be6 {[%emt 0:00:03]} 9. Bd3 {[%emt 0:00:02]} Nd7 {[%emt 0:00:00]} 10. Nge2 {[%emt 0:00:01]} c5 {[%emt 0:00:00]} 11. O-O {[%emt 0:00:03]} cxd4 {[%emt 0:00:01]} 12. Nxd4 {[%emt 0:00:01]} Nxe5 {[%emt 0:00:03]} 13. Nxe6 {[%emt 0:00:01]} fxe6 {[%emt 0:00:01]} 14. Bc2 {[%emt 0:00:01]} Nc4 {[%emt 0:00:02]} 15. Bd4 {[%emt 0:00:02]} Bxd4+ {[%emt 0:00:03]} 16. Qxd4 {[%emt 0:00:01]} Qb6 {[%emt 0:00:00]} 17. Qxb6 {[%emt 0:00:01]} Nxb6 {[%emt 0:00:02]} 18. Rfe1 {[%emt 0:00:00]} Rf6 {[%emt 0:00:02]} 19. Re2 {[%emt 0:00:02]} Nf5 {[%emt 0:00:02]} 20. Rd1 {[%emt 0:00:03]} d4 {[%emt 0:00:05]} 21. Nb5 {[%emt 0:00:02]} Rd8 {[%emt 0:00:03]} 22. Bxf5 {[%emt 0:00:03]} exf5 {[%emt 0:00:03]} 23. Rxd4 {[%emt 0:00:01]} Rxd4 {[%emt 0:00:02]} 24. Nxd4 {[%emt 0:00:00]} Rd6 {[%emt 0:00:01]} 25. Nb5 {[%emt 0:00:02]} Rd1+ {[%emt 0:00:02]} 26. Kf2 {[%emt 0:00:01]} f4 {[%emt 0:00:01]} 27. Nxa7 {[%emt 0:00:01]} Nd5 {[%emt 0:00:01]} 28. Nb5 {[%emt 0:00:03]} Ne3 {[%emt 0:00:01]} 29. Rxe3 {[%emt 0:00:05]} fxe3+ {[%emt 0:00:01]} 30. Kxe3 {[%emt 0:00:01]} Rg1 {[%emt 0:00:01]} 31. g4 {[%emt 0:00:02]} Rg2 {[%emt 0:00:01]} 32. b3 {[%emt 0:00:03]} Rxa2 {[%emt 0:00:02]} 33. Nd4 {[%emt 0:00:00]} Rb2 {[%emt 0:00:01]} 34. h4 {[%emt 0:00:02]} b6 {[%emt 0:00:01]} 35. h5 {[%emt 0:00:02]} Kf7 {[%emt 0:00:00]} 36. hxg6+ {[%emt 0:00:01]} hxg6 {[%emt 0:00:00]} 37. Kd3 {[%emt 0:00:01]} g5 {[%emt 0:00:02]} 38. Kc3 {[%emt 0:00:00]} Rf2 {[%emt 0:00:02]} 39. Kd3 {[%emt 0:00:02]} Rf1 {[%emt 0:00:01]} 40. Ke4 {[%emt 0:00:01] Time (Lag: Av=0.58s, max=1.0s)} 1-0

[Event "Stay Safe Play From Home 143"]
[Site "T#645979Emanuel Laske"]
[Date "2020.05.12"]
[Round "7"]
[White "UHU4"]
[Black "Tavares"]
[Result "0-1"]
[WhiteElo "1533"]
[BlackElo "1862"]
[Annotator "NA RC"]
[PlyCount "46"]
[EventDate "2020.05.12"]
[EventType "swiss (blitz)"]

1. e4 {[%emt 0:00:02]} c5 {[%emt 0:00:02]} 2. f4 {[%emt 0:00:02]} d6 {[%emt 0:00:01]} 3. Nf3 {[%emt 0:00:01]} a6 {[%emt 0:00:00]} 4. c3 {[%emt 0:00:01]} b5 {[%emt 0:00:01]} 5. d4 {[%emt 0:00:01]} cxd4 {[%emt 0:00:03]} 6. cxd4 {[%emt 0:00:01]} Bb7 {[%emt 0:00:00]} 7. Bd3 {[%emt 0:00:03]} e6 {[%emt 0:00:01]} 8. O-O {[%emt 0:00:01]} Nf6 {[%emt 0:00:01]} 9. Nbd2 {[%emt 0:00:02]} Be7 {[%emt 0:00:02]} 10. b3 {[%emt 0:00:01]} Nc6 {[%emt 0:00:01]} 11. Bb2 {[%emt 0:00:01]} O-O {[%emt 0:00:02]} 12. Rc1 {[%emt 0:00:01]} Rc8 {[%emt 0:00:00]} 13. h3 {[%emt 0:00:06]} d5 {[%emt 0:00:01]} 14. e5 {[%emt 0:00:02]} Ne4 {[%emt 0:00:01]} 15. Ne1 {[%emt 0:00:07]} Qa5 {[%emt 0:00:02]} 16. Nxe4 {[%emt 0:00:05]} dxe4 {[%emt 0:00:00]} 17. Bb1 {[%emt 0:00:01]} Nxd4 {[%emt 0:00:03]} 18. Rxc8 {[%emt 0:00:06]} Rxc8 {[%emt 0:00:01]} 19. Qxd4 {[%emt 0:00:01]} Bc5 {[%emt 0:00:01]} 20. Qxc5 {[%emt 0:00:04]} Rxc5 {[%emt 0:00:00]} 21. a3 {[%emt 0:00:03]} Qb6 {[%emt 0:00:01]} 22. b4 {[%emt 0:00:01]} Rc2+ {[%emt 0:00:01]} 23. Kh2 {[%emt 0:00:04]} Rxb2 {[%emt 0:00:01] Tiempo (Lag: Av=0.72s, max=1.1s) .} 0-1

[Event "Stay Safe Play From Home 143"]
[Site "T#645979Emanuel Laske"]
[Date "2020.05.12"]
[Round "7"]
[White "Gibiz144"]
[Black "Kuewba"]
[Result "1-0"]
[WhiteElo "1515"]
[BlackElo "1608"]
[Annotator "NA RC"]
[PlyCount "79"]
[EventDate "2020.05.12"]
[EventType "swiss (blitz)"]

1. d4 {[%emt 0:00:01]} d5 {[%emt 0:00:01]} 2. Bg5 {[%emt 0:00:01]} c6 {[%emt 0:00:00]} 3. Nf3 {[%emt 0:00:01]} Nd7 {[%emt 0:00:01]} 4. e3 {[%emt 0:00:01]} h6 {[%emt 0:00:01]} 5. Bh4 {[%emt 0:00:02]} Ngf6 {[%emt 0:00:01]} 6. Bd3 {[%emt 0:00:02]} e6 {[%emt 0:00:01]} 7. c3 {[%emt 0:00:01]} Be7 {[%emt 0:00:00]} 8. Qc2 {[%emt 0:00:01]} O-O {[%emt 0:00:03]} 9. Nbd2 {[%emt 0:00:01]} g5 {[%emt 0:00:03]} 10. Bg3 {[%emt 0:00:01]} Nh5 {[%emt 0:00:01]} 11. Ne5 {[%emt 0:00:04]} Nxe5 {[%emt 0:00:02]} 12. Bxe5 {[%emt 0:00:02]} f6 {[%emt 0:00:01]} 13. Bg3 {[%emt 0:00:02]} Nxg3 {[%emt 0:00:02]} 14. hxg3 {[%emt 0:00:01]} Kg7 {[%emt 0:00:01]} 15. Bh7 {[%emt 0:00:02]} Qe8 {[%emt 0:00:01]} 16. Be4 {[%emt 0:00:02]} Rh8 {[%emt 0:00:01]} 17. Bf3 {[%emt 0:00:02]} f5 {[%emt 0:00:01]} 18. O-O-O {[%emt 0:00:02]} g4 {[%emt 0:00:02]} 19. Be2 {[%emt 0:00:01]} Qg6 {[%emt 0:00:02]} 20. Rh2 {[%emt 0:00:01]} Bd7 {[%emt 0:00:02]} 21. Rdh1 {[%emt 0:00:01]} Rh7 {[%emt 0:00:01]} 22. f3 {[%emt 0:00:02]} Rah8 {[%emt 0:00:01]} 23. fxg4 {[%emt 0:00:01]} fxg4 {[%emt 0:00:01]} 24. Qxg6+ {[%emt 0:00:02]} Kxg6 {[%emt 0:00:02]} 25. e4 {[%emt 0:00:01]} Bg5 {[%emt 0:00:01]} 26. Bxg4 {[%emt 0:00:02]} dxe4 {[%emt 0:00:01]} 27. Kd1 {[%emt 0:00:01]} e3 {[%emt 0:00:01]} 28. Nf3 {[%emt 0:00:01]} Bc8 {[%emt 0:00:07]} 29. Ke2 {[%emt 0:00:02]} h5 {[%emt 0:00:02]} 30. Bh3 {[%emt 0:00:03]} h4 {[%emt 0:00:04]} 31. gxh4 {[%emt 0:00:01]} Bxh4 {[%emt 0:00:01]} 32. Ne5+ {[%emt 0:00:01]} Kf6 {[%emt 0:00:01]} 33. g4 {[%emt 0:00:01]} Bg3 {[%emt 0:00:03]} 34. Rg2 {[%emt 0:00:02]} Rxh3 {[%emt 0:00:02]} 35. Nf3 {[%emt 0:00:03]} Rxh1 {[%emt 0:00:02]} 36. Rxg3 {[%emt 0:00:01]} Kg6 {[%emt 0:00:02]} 37. Kxe3 {[%emt 0:00:01]} R8h3 {[%emt 0:00:01]} 38. Rxh3 {[%emt 0:00:02]} Rxh3 {[%emt 0:00:01]} 39. Kf4 {[%emt 0:00:00]} Kg7 {[%emt 0:00:01]} 40. Ne5 {[%emt 0:00:01] Zeit (Lag: Av=0.48s, max=0.7s)} 1-0

[Event "Stay Safe Play From Home 143"]
[Site "T#645979Emanuel Laske"]
[Date "2020.05.12"]
[Round "7"]
[White "Nagaram"]
[Black "Tobo Rubirosa"]
[Result "1-0"]
[WhiteElo "1486"]
[BlackElo "1439"]
[Annotator "NA RC"]
[PlyCount "75"]
[EventDate "2020.05.12"]
[EventType "swiss (blitz)"]

1. e4 {[%emt 0:00:01]} c5 {[%emt 0:00:02]} 2. Nf3 {[%emt 0:00:02]} d6 {[%emt 0:00:01]} 3. d4 {[%emt 0:00:01]} cxd4 {[%emt 0:00:01]} 4. Nxd4 {[%emt 0:00:00]} Nf6 {[%emt 0:00:01]} 5. Nc3 {[%emt 0:00:00]} a6 {[%emt 0:00:00]} 6. Bc4 {[%emt 0:00:02]} e6 {[%emt 0:00:01]} 7. O-O {[%emt 0:00:01]} b5 {[%emt 0:00:01]} 8. Bd3 {[%emt 0:00:02]} Be7 {[%emt 0:00:00]} 9. Nb3 {[%emt 0:00:01]} O-O {[%emt 0:00:01]} 10. a3 {[%emt 0:00:01]} Bb7 {[%emt 0:00:01]} 11. Be3 {[%emt 0:00:00]} Nbd7 {[%emt 0:00:01]} 12. Re1 {[%emt 0:00:02]} Nb6 {[%emt 0:00:01]} 13. Bxb6 {[%emt 0:00:02]} Qxb6 {[%emt 0:00:02]} 14. Qd2 {[%emt 0:00:01]} Rac8 {[%emt 0:00:01]} 15. Qe3 {[%emt 0:00:02]} Qxe3 {[%emt 0:00:02]} 16. Rxe3 {[%emt 0:00:00]} d5 {[%emt 0:00:01]} 17. e5 {[%emt 0:00:01]} Nd7 {[%emt 0:00:01]} 18. Rh3 {[%emt 0:00:01]} g5 {[%emt 0:00:05]} 19. Bxh7+ {[%emt 0:00:02]} Kg7 {[%emt 0:00:01]} 20. Bd3 {[%emt 0:00:01]} Nxe5 {[%emt 0:00:01]} 21. Re1 {[%emt 0:00:03]} Nxd3 {[%emt 0:00:02]} 22. cxd3 {[%emt 0:00:00]} Bf6 {[%emt 0:00:01]} 23. Rc1 {[%emt 0:00:03]} Bxc3 {[%emt 0:00:01]} 24. bxc3 {[%emt 0:00:00]} e5 {[%emt 0:00:03]} 25. Rg3 {[%emt 0:00:01]} f6 {[%emt 0:00:01]} 26. h4 {[%emt 0:00:01]} Kg6 {[%emt 0:00:02]} 27. hxg5 {[%emt 0:00:01]} fxg5 {[%emt 0:00:01]} 28. d4 {[%emt 0:00:01]} exd4 {[%emt 0:00:03]} 29. cxd4 {[%emt 0:00:00]} Rxc1+ {[%emt 0:00:03]} 30. Nxc1 {[%emt 0:00:00]} Bc8 {[%emt 0:00:01]} 31. Nd3 {[%emt 0:00:01]} Bf5 {[%emt 0:00:01]} 32. Ne5+ {[%emt 0:00:01]} Kf6 {[%emt 0:00:02]} 33. Kh2 {[%emt 0:00:02]} Rh8+ {[%emt 0:00:01]} 34. Kg1 {[%emt 0:00:03]} Rc8 {[%emt 0:00:01]} 35. Rf3 {[%emt 0:00:01]} Rc1+ {[%emt 0:00:02]} 36. Kh2 {[%emt 0:00:01]} Rc2 {[%emt 0:00:06]} 37. Nd7+ {[%emt 0:00:02]} Ke6 {[%emt 0:00:02]} 38. Rf4 {[%emt 0:00:01] Tiempo} 1-0

[Event "Stay Safe Play From Home 143"]
[Site "T#645979Emanuel Laske"]
[Date "2020.05.12"]
[Round "8"]
[White "Onlyforchess"]
[Black "SoulofWolf"]
[Result "1-0"]
[WhiteElo "2587"]
[BlackElo "2138"]
[Annotator "TA"]
[PlyCount "119"]
[EventDate "2020.05.12"]
[EventType "swiss (blitz)"]

{[%evp 9,118,-53,12,-29,5,-40,34,-45,11,6,32,11,43,48,147,113,118,57,98,92,117,115,94,-18,-19,-67,-48,-102,-109,-207,0,-21,-8,-41,-56,-70,-33,-42,-29,-39,-26,-172,-47,-170,-157,-162,0,-8,-19,-46,-36,-70,-70,-82,-42,-68,-63,-29994,137,129,175,175,175,175,175,175,175,131,168,168,121,106,175,175,175,168,29988,29989,29989,29990,29990,29986,29986,29987,29987,29988,29988,29989,29989,29990,29990,29991,29991,29992,29992,29993,29993,29993,29994,29995,29995,29996,29996,29997,29997,29998,29998,29999,29999,29999,29999]} 1. e4 e6 2. e5 d5 3. d4 c5 4. f4 Nc6 5. Nf3 Nge7 (5... Nh6 $15) 6. c3 {C00: French: Unusual White 2nd moves.} Nf5 7. g4 Nfe7 {[#]} (7... Nh4 $15) 8. Be3 $146 (8. dxc5 $14 f6 9. exf6 gxf6 10. Na3) ({Predecessor:} 8. Bd3 cxd4 9. cxd4 Bd7 10. O-O h5 11. f5 hxg4 12. fxe6 Bxe6 13. Ng5 Qd7 14. Be3 {1-0 (44) Stuhr,F (1823)-Klofsrud,A (1571) Reykjavik 2015}) 8... b6 (8... h5 $15 9. g5 Nf5) 9. Be2 Bd7 10. O-O cxd4 (10... h5 $5 {[%cal Rh5g4]}) 11. cxd4 Ng6 ({Better is} 11... a6 $14) 12. Nc3 Bb4 13. Kh1 (13. Bd3 $16) 13... O-O 14. Bd3 f5 15. exf6 Rxf6 16. Ne5 (16. f5 $16 Bxc3 17. fxg6 (17. bxc3 exf5 18. gxf5 Rxf5 $14) 17... Bxb2 18. Rb1 (18. gxh7+ Kh8 $16)) 16... Ncxe5 $11 17. dxe5 Rf8 {Hoping for ...d4!} 18. Bxg6 (18. Ne2 $15) 18... hxg6 $17 19. Qd3 {[#]} (19. h3 $17) 19... Be8 $2 ({Black should try} 19... d4 $1 $19 {[%mdl 512]} 20. Bxd4 (20. Qxd4 Bc6+) 20... Bc6+ 21. Kg1 Bxc3 22. bxc3 Qd5 $1 {[%mdl 512]}) 20. Bd4 Rc8 21. Rac1 Qh4 22. Qg3 Qh6 23. Rcd1 Be7 24. Kg1 Bd7 25. f5 (25. a3 $11 {and White has nothing to worry.}) 25... exf5 (25... gxf5 $19 26. gxf5 Bh4) 26. gxf5 (26. Nxd5 $15 Bg5 27. Be3 Bxe3+ 28. Nxe3) 26... Bxf5 $19 27. Nxd5 Rce8 $2 (27... Bh4 $1 $19 {[%cal Rh4g3]} 28. Be3 Qh5) 28. Nxe7+ Rxe7 29. Be3 Qh5 30. Bg5 Ree8 31. Rde1 Bh3 32. Rxf8+ Rxf8 33. e6 $2 {[%mdl 8192] [#]} (33. a3 $15) 33... Re8 $2 (33... Qe2 $1 {[%mdl 512] mates} 34. Bf6 {[#]} (34. Rxe2 Rf1#) 34... Rxf6 $1 {[%mdl 512]} 35. Qxh3 Qxe1+ 36. Kg2 Qf1+ 37. Kg3 Qf2+ {[%mdl 64] Double Attack} 38. Kg4 Qf4#) 34. e7 $16 Qg4 35. Qxg4 Bxg4 $18 {[%mdl 4096] Endgame KRB-KRB} 36. Rf1 Bf5 37. Rd1 Kf7 38. Rd8 Be6 39. Kf2 Bxa2 40. Ke3 Be6 (40... a5 $16) 41. Kd4 a5 42. Ke5 {Intending Rxe8 and mate.} b5 $2 (42... Bb3 $18 43. Rd3 Be6) 43. Rxe8 {[%mdl 64] Overworked Piece. White mates.} Kxe8 44. Kxe6 {KB-KP} a4 45. Kd5 b4 46. Kc4 a3 47. bxa3 bxa3 {KB-K3P} 48. Kb3 a2 49. Kxa2 {KB-KPP} Kf7 50. Kb3 Ke8 51. Kc4 Kd7 52. Kd5 Ke8 53. Kd6 Kf7 54. Kd7 {[%csl Gd7][%cal Re7e8]} Kg8 55. e8=Q+ Kh7 {[#]} 56. Qe4 $1 Kg8 57. Ke7 Kh7 58. Kf7 {[%cal Re4h4]} Kh8 59. Qe8+ Kh7 60. Qg8# {Accuracy: White = 55%, Black = 42%.} 1-0

[Event "Stay Safe Play From Home 143"]
[Site "T#645979Emanuel Laske"]
[Date "2020.05.12"]
[Round "8"]
[White "Mepe_Nika"]
[Black "rohit2007"]
[Result "1-0"]
[WhiteElo "2294"]
[BlackElo "2230"]
[Annotator "TA"]
[PlyCount "109"]
[EventDate "2020.05.12"]
[EventType "swiss (blitz)"]

{[%evp 10,108,8,-2,17,-8,11,10,11,10,11,0,12,0,0,22,0,6,25,16,16,-9,0,-6,0,0,27,-16,52,16,13,0,166,87,81,93,103,0,-4,0,100,33,181,169,279,272,272,273,291,287,287,272,284,272,564,562,570,564,553,532,539,476,504,487,503,488,509,508,479,458,665,660,633,603,581,210,720,710,768,689,29991,29992,29993,29994,29994,29995,29995,29994,29994,29995,29998,29996,29997,29996,29996,29997,29997,29998,29998,29999,29999]} 1. c4 c5 2. g3 Nc6 3. Bg2 g6 4. Nc3 Bg7 5. d3 d6 6. Bd2 Bd7 {A36: Symmetrical English vs ...g6: 4 Bg2 Bg7.} 7. Qc1 Qc8 {[#]} 8. h4 $146 ({Predecessor:} 8. Rb1 h5 9. h4 Rb8 10. a3 Nd4 11. b4 Bc6 12. e4 cxb4 13. axb4 b5 14. cxb5 Nxb5 15. Nxb5 Bxb5 {0-1 (31) Krawinkel,H-Josting,F Merano 2002}) 8... h5 {The position is equal.} 9. Nf3 Nf6 10. a3 a6 11. Rb1 Rb8 12. b4 cxb4 13. axb4 b5 14. cxb5 axb5 15. Ng5 O-O 16. O-O Ng4 17. Nd5 e6 18. Nf4 (18. Qxc6 $5 Bxc6 19. Ne7+ {[%mdl 64] Double Attack} Kh8 20. Nxc8 Rbxc8 21. Bxc6 Rxc6 22. Rfc1 $11) 18... Nd4 ({Black should try} 18... Ne7 $11) 19. e3 Nf5 20. Rb3 f6 $2 {[#]} (20... Qxc1 $11 {and Black stays safe.} 21. Rxc1 Rfc8) 21. Ne4 ({Much weaker is} 21. Nxg6 $6 Qxc1 22. Bxc1 (22. Rxc1 fxg5 23. Nxf8 Rxf8 $17) 22... fxg5 $14) ({White should play} 21. Qxc8 $18 Rfxc8 22. Ngxe6) 21... Qxc1 22. Rxc1 Rfc8 23. Nxg6 (23. Rbc3 $16) 23... Rxc1+ 24. Bxc1 {[#] Strongly threatening Nf4.} Rc8 (24... e5 $1 $11 {keeps the balance.}) 25. Bd2 (25. Nc3 $16) 25... Kf7 {Now Black is done in.} (25... Rc2 $14) 26. Nf4 $18 d5 (26... Rc2 {is a better defense.}) 27. Nc5 Rc7 28. Nxh5 Bf8 29. d4 Nd6 30. Nf4 Nc4 31. Be1 e5 $2 (31... Ra7 32. Rb1 Bd6) 32. Bxd5+ Ke8 33. Nfe6 Bxe6 34. Nxe6 Ra7 {and the idea ...Ra1 leaves Black hopeful.} 35. Nxf8 Kxf8 36. Bxc4 bxc4 {[%mdl 4096] Endgame KRB-KRN} 37. Rc3 Ra1 38. Kf1 Nh2+ 39. Ke2 exd4 (39... Ra2+ $142 40. Bd2 e4) 40. exd4 Ra2+ 41. Ke3 Nf1+ 42. Kf4 $2 (42. Kf3) 42... Re2 $2 (42... Ra1 43. Rxc4 Rxe1 44. Rc8+ Kg7 45. Rc7+ Kg6) 43. Rc1 Nd2 44. Bxd2 Re4+ 45. Kxe4 {White mates.} f5+ 46. Kxf5 Kf7 47. Rxc4 Ke7 48. Rc6 Kd7 49. d5 Kd8 50. b5 Kd7 51. b6 Ke7 52. b7 Kd7 53. b8=Q Ke7 54. Qb7+ Kd8 55. Rc8# {Accuracy: White = 58%, Black = 56%.} 1-0

[Event "Stay Safe Play From Home 143"]
[Site "T#645979Emanuel Laske"]
[Date "2020.05.12"]
[Round "8"]
[White "Little champs"]
[Black "Chessencounter"]
[Result "0-1"]
[WhiteElo "2207"]
[BlackElo "2164"]
[Annotator "TA"]
[PlyCount "132"]
[EventDate "2020.05.12"]
[EventType "swiss (blitz)"]

{[%evp 9,132,-46,-23,-32,-32,-33,-32,-32,-21,-52,-40,-44,-33,-57,-39,-54,-43,-41,0,-8,0,0,103,-67,0,0,66,-83,-71,-95,-72,-297,-228,-318,-319,-499,-417,-540,-380,-392,-399,-398,-393,-411,-365,-341,-362,-534,-413,-414,-360,-522,-467,-448,-346,-556,-553,-649,-473,-458,-348,-335,-330,-337,-234,-227,-230,-228,-233,-329,-293,-312,-292,-358,15,17,22,22,18,0,0,0,0,-463,17,-52,0,-231,-233,-29992,-451,-475,29998,-376,-220,-619,-550,-468,-420,-621,-610,-620,-604,-593,-269,-550,-325,-582,-257,-739,-713,-678,-656,-889,-680,-724,-649,-802,-545,-647,-536,-447,-420,-385,-293]} 1. d3 d5 2. e3 Nf6 3. Be2 e5 4. Nf3 {[#]} Bd6 $146 ({Predecessor:} 4... Bc5 5. a3 a5 6. b4 Bb6 7. Nc3 Qe7 8. O-O c6 9. Nxe5 Qxe5 10. Na4 Bc7 11. Bb2 Qxh2# {0-1 (11) Ramalho,E-Lima Jr,N (1848) Parauapebas 2016}) 5. O-O Nbd7 6. d4 {A00: Irregular Openings.} e4 7. Nfd2 O-O 8. c4 {Black is slightly better.} c6 9. f4 exf3 10. Bxf3 dxc4 11. Nxc4 Bc7 $1 12. Nc3 Nb6 13. Nxb6 axb6 14. e4 b5 15. e5 Nd5 (15... Ne8 $11 {keeps the balance.}) 16. Ne4 $2 ({White should try} 16. Bxd5 $16 {And now Bb3 would win.} cxd5 17. Qb3 (17. Nxb5 Bb8 $16)) 16... Bf5 (16... Bb6 $15 17. Kh1 Be6) 17. Bg5 $11 Qd7 (17... Ne7 $11) 18. Ng3 (18. Nc5 $14 Qc8 19. Bxd5 cxd5 20. Rc1) 18... Bg6 $17 19. Bg4 {[#]} Qe8 $1 20. h4 $2 (20. Bf3 $17 {was called for.}) 20... h6 21. Bd2 Bb6 22. Bc3 (22. Kh1 $142) 22... Qxe5 23. Kh2 Qe3 24. Rf3 Qe7 25. h5 Qh4+ 26. Bh3 Bxh5 27. Nxh5 Qxh5 28. Qf1 (28. Qd3 {was worth a try.}) 28... Bc7+ 29. Kh1 b4 30. Rf5 (30. Bd2 {might work better.}) 30... Qg6 31. Bd2 Rae8 32. Re1 $2 (32. Qf3) 32... Qg3 $19 {[%csl Gc7][%cal Rg3h2]} 33. Ree5 Re7 34. Be1 Qg6 ({Weaker is} 34... Rxe5 35. Bxg3 Rxf5 36. Bxf5 $17) 35. Rxe7 Nxe7 36. Rf3 Qd6 {[%csl Gc7][%cal Rd6h2]} 37. Bg3 Qd8 38. Bxc7 Qxc7 39. Re3 (39. Be6 $142 Nd5 40. Bxd5 cxd5 41. Qe1) 39... Ng6 40. Rf3 Qd6 41. Bf5 Qxd4 $2 ({Black should play} 41... Nh4 $19 42. Re3 Nxf5 43. Qxf5 Qxd4) 42. Bxg6 $1 $11 Qh4+ 43. Rh3 Qd4 44. Bb1 Qxb2 45. Qf5 {[%csl Gb1][%cal Rf5h7]} g6 46. Qg4 $2 {[%mdl 8192]} (46. Qe4 $1 $11) 46... Qg7 $2 (46... Qxb1+ $19 47. Kh2 Qxa2 48. Qxb4 Qd5) 47. Kh2 (47. Qxb4 $11 Re8 48. Rf3) 47... Re8 (47... Rd8 $15) 48. Bxg6 $2 (48. Qxb4 $11 {and White has nothing to worry.} Qe5+ 49. Rg3) 48... fxg6 {[%mdl 4096] Endgame KQR-KQR} ({Don't do} 48... Qxg6 49. Qxb4 Re5 50. Qxb7) 49. Qd7 $2 {[#]} (49. Qxb4 $19 Qe5+ 50. Kg1) 49... Qe5+ (49... Qxd7 $142 50. Rf3 Qd6+ 51. Kh3 Re2 52. Rf1 Qe6+ 53. Kg3 Qe3+ 54. Kh2 Qg5 55. Rf8+ Kxf8 56. Kh3 Qxg2+ 57. Kh4 Re4#) 50. Rg3 Qe1 $4 {[%mdl 8192]} (50... Re7 $19 51. Qd3 c5) 51. Qg4 $4 {[%mdl 8192]} (51. Rxg6+ {mates} Kh8 52. Qg7#) 51... Qe6 (51... Qe4 $142 52. Qxe4 Rxe4 53. Rxg6+ Kf7 54. Rxh6 Re2) 52. Qxg6+ $2 (52. Qxb4 Qf7 53. a4) 52... Qxg6 $19 53. Rxg6+ {KR-KR} Kf7 54. Rg3 (54. Rxh6 $142 Re2 55. Kg3) 54... Re7 55. Rf3+ Ke8 56. Rb3 Rf7 (56... c5 $142 57. Rb2 Re3) 57. Rh3 $2 (57. Rxb4 Kd8 58. a4) 57... Rf5 58. Rh4 $2 (58. Rxh6 Kd8 59. Rh4) 58... h5 (58... c5 $142 {Threatens to win with ...Rf2.} 59. Rxh6 Rf2) 59. Rh3 $2 (59. Rxb4 b5 60. a4) 59... Kf7 60. Re3 Kg6 61. Rh3 Kg5 62. Rg3+ Kf6 63. Rh3 Rg5 64. Rd3 Kg6 65. Rd8 Rg4 66. Rb8 Rh4+ {Accuracy: White = 31%, Black = 36%.} 0-1